Využitie klzných samomazných materiálov v pohybových prvkoch technologických zariadení. /
Salvato in:
| Autore principale: | |
|---|---|
| Natura: | Libro |
| Pubblicazione: |
Bratislava :
SVŠT v Bratislave,
1985
|
| Tags: |
Nessun Tag, puoi essere il primo ad aggiungerne!!
|
MARC
| LEADER | 00000nam a22000003a 4500 | ||
|---|---|---|---|
| 001 | stu47862 | ||
| 005 | 20150617225710.3 | ||
| 008 | ------s1985----cs----------------------d | ||
| 040 | |a STU |b slo | ||
| 041 | 0 | ||
| 044 | |a cs | ||
| 080 | |a 621.822.5.002.3 | ||
| 080 | |a 669.018.25 | ||
| 100 | 1 | |a Dušanič, Rudolf |4 aut | |
| 245 | 1 | |a Využitie klzných samomazných materiálov v pohybových prvkoch technologických zariadení. / |c [aut.] Dušanič,Rudolf | |
| 260 | |a Bratislava : |b SVŠT v Bratislave, |c 1985 | ||
| 300 | |a 152 s | ||
| 996 | |b J77443 |c J*77443/DIZ. |l JJSK |s A |a 24 |w stu47862_0001 | ||